Karate: técnica, entrenamiento y competición
Gardado en:
| Autor Principal: | |
|---|---|
| Formato: | Libro |
| Idioma: | Lingua castelá |
| Publicado: |
Barcelona
Paidotribo
2009
|
| Edición: | 1a. ed |
| Subjects: | |
| Tags: |
Engadir etiqueta
Sen Etiquetas, Sexa o primeiro en etiquetar este rexistro!
|
MARC
| LEADER | 00000nam a2200000 a 4500 | ||
|---|---|---|---|
| 001 | UCG3243 | ||
| 003 | CL-VaPUC | ||
| 008 | 100819e20090000SP |||||||||||||||||spa|d | ||
| 020 | |a 9788480191302 | ||
| 082 | 0 | 4 | |a 796.815 |b THO |2 21 |
| 100 | 0 | |a Thompson, Chris |e author |9 552206 | |
| 245 | 1 | 0 | |a Karate: técnica, entrenamiento y competición |
| 250 | |a 1a. ed | ||
| 300 | |a 160 p | ||
| 942 | |c BK | ||
| 945 | |d 20100819 00:00:00 |a mfarfan | ||
| 260 | |a Barcelona |b Paidotribo |c 2009 | ||
| 650 | 7 | |a KARATE |2 CL-VaPUC |9 342888 | |
| 650 | 0 | |a Actividad física |9 362156 | |
| 650 | 7 | |a ENTRENAMIENTO FISICO |2 CL-VaPUC |9 307393 | |
| 650 | 7 | |a DEPORTE DE COMBATE |2 CL-VaPUC |9 355497 | |
| 583 | |a last modification |c 20100819 00:00:00 |k Rodrigo Vera | ||
| 999 | |c 342314 |d 342312 | ||
| 952 | |0 0 |1 0 |4 0 |6 796_815000000000000_THO_2009 |7 0 |8 C |9 438458 |a BIBCUR |b BIBCUR |d 2019-11-22 |i 4707532 |o 796.815 THO 2009 |p 4707532 |r 2025-04-22 |w 2019-11-22 |y BK |k DEN | ||